000 00656nai a22001937a 4500
003 OSt
005 20170325110957.0
008 170209b xxu||||| |||| 00| 0 eng d
040 _aBMC
_cBMC
082 _a909
245 0 3 _aLa aventura de la historia
_b: junio
_cJavier Villalba, editor
260 _aMadrid
_bGrupo Unidad
_c1999
300 _a146 p.
_c28 cm
_e+ 1 h. pleg.
490 _aLa aventura de la historia
_v8, año 1
505 _aContiene: Un siglo genocida.- Mil años por el camino de Compostela.- Sexo y ajedrez.- El siglo de la barbarie.-
650 2 4 _91258
_aHistoria universal
700 1 _920715
_aVillalba, Javier‏
942 _2ddc
_cPR
999 _c27120
_d27120